000
002620000a22000970004500
100
1
_a
Lindsay, Dennis E.
245
1
0
_a
Mobilishing the church for mission
300
_a
Vol. 6, Núm 2 (1997), Páginas 147-156
773
0
_t
European Journal of Theology
942
_c
ANA
999
_c
54026
_d
54026